[Event "EU-ch U16 rapid"]
[Site "Terme Catez"]
[Date "2023.09.28"]
[Round "1"]
[White "Perea Fruet, Lorenzo"]
[Black "Zmaucar, Miha"]
[Result "1-0"]
[WhiteElo "2272"]
[BlackElo "1809"]
[PlyCount "55"]
[EventDate "2023.09.28"]
[EventType "swiss (rapid)"]
[EventRounds "9"]
[EventCountry "SLO"]
[SourceTitle "EXT 2024"]
[Source "ChessBase"]
[SourceDate "2023.10.10"]
[SourceVersion "1"]
[SourceVersionDate "2023.10.10"]
[SourceQuality "1"]

1. e4 d5 2. exd5 Nf6 3. Nf3 Nxd5 4. d4 Bf5 5. a3 e6 6. c4 Nb6 7. Nc3 Nc6 8. d5 exd5 9. cxd5 Qe7+ 10. Be3 0-0-0 11. Bd3 Bg4 12. dxc6 Nc4 13. Qb3 Rxd3 14. Qxc4 Rxe3+ 15. fxe3 Qxe3+ 16. Qe2 Bc5 17. Qxe3 Bxe3 18. cxb7+ Kxb7 19. Nd5 Bh6 20. 0-0 c6 21. Nc3 Be3+ 22. Kh1 Rd8 23. Rad1 Rxd1 24. Rxd1 Kc7 25. Re1 Bc5 26. b4 Bd6 27. Rc1 Bf4 28. Nd5+ 1-0

[Event "SLO-ch 33rd"]
[Site "Radenci"]
[Date "2023.04.28"]
[Round "5"]
[White "Gricnik, Tine"]
[Black "Zmaucar, Miha"]
[Result "0-1"]
[WhiteElo "1763"]
[BlackElo "1654"]
[PlyCount "74"]
[EventDate "2023.04.25"]
[EventType "team-match"]
[EventRounds "9"]
[EventCountry "SLO"]
[SourceTitle "CBM 214 Extra"]
[Source "ChessBase"]
[SourceDate "2023.07.31"]
[SourceVersion "1"]
[SourceVersionDate "2023.07.31"]
[SourceQuality "1"]

1. d4 Nf6 2. c4 e6 3. Nf3 d5 4. g3 Be7 5. Bg2 0-0 6. 0-0 Nbd7 7. Qc2 c6 8. Nbd2 b6 9. e4 Ba6 10. b3 Rc8 11. Bb2 c5 12. Rfe1 cxd4 13. Bxd4 dxc4 14. bxc4 Bc5 15. Bf1 Qc7 16. e5 Bxd4 17. Nxd4 Nxe5 18. Qa4 Bb7 19. Qa3 Rfd8 20. Qb2 Nfg4 21. h3 Rxd4 22. Qxd4 Rd8 23. Qxd8+ Qxd8 24. hxg4 Nxg4 25. Ne4 Bxe4 26. Rad1 Qf6 27. f4 h5 28. Rxe4 Qc3 29. Rd3 Qc2 30. Rd8+ Kh7 31. Re2 Qc3 32. Rg2 Qe3+ 33. Kh1 Qe1 34. Kg1 Ne3 35. Rf2 Nxf1 36. Kg2 Ne3+ 37. Kf3 Ng4 0-1

[Event "Ljubljana-chT 75th"]
[Site "Ljubljana"]
[Date "2023.02.16"]
[Round "4.4"]
[White "Vodnik, Val"]
[Black "Zmaucar, Miha"]
[Result "0-1"]
[WhiteElo "1348"]
[BlackElo "1635"]
[PlyCount "152"]
[EventDate "2023.01.12"]
[EventType "team-swiss"]
[EventRounds "9"]
[EventCountry "SLO"]
[SourceTitle "EXT 2024"]
[Source "ChessBase"]
[SourceDate "2023.10.10"]
[SourceVersion "1"]
[SourceVersionDate "2023.10.10"]
[SourceQuality "1"]
[WhiteTeam "Vrhnika"]
[BlackTeam "Domzale SD"]
[WhiteTeamCountry "SLO"]
[BlackTeamCountry "SLO"]

1. d4 Nf6 2. c4 e6 3. Nf3 Bb4+ 4. Bd2 Be7 5. g3 0-0 6. Bg2 d5 7. 0-0 c5 8. cxd5 Nxd5 9. dxc5 Bxc5 10. e4 Nf6 11. Qc2 Bb6 12. Nc3 Nc6 13. Rad1 Nb4 14. Qb1 Qe7 15. e5 Nfd5 16. Ng5 g6 17. Nge4 Nxc3 18. bxc3 Nc6 19. Bh6 Nxe5 20. Bxf8 Qxf8 21. Qb5 Qg7 22. Qe8+ Qf8 23. Qxf8+ Kxf8 24. Nd6 Rb8 25. Kh1 Ng4 26. Rd2 Ke7 27. Nc4 Bc7 28. Rfd1 b5 29. Ne3 Nxe3 30. fxe3 Be5 31. Rd3 a5 32. Kg1 h5 33. Bc6 Rb6 34. Be8 Bb7 35. Rd8 Bd5 36. Rc8 Bd6 37. Rf1 e5 38. e4 Bxa2 39. Bc6 Bc5+ 40. Kg2 f5 41. exf5 Rxc6 42. Rxc6 Bd5+ 43. Kh3 Bxc6 44. fxg6 Be8 45. g7 Bf7 46. g4 hxg4+ 47. Kxg4 a4 48. h4 a3 49. h5 Be3 50. Re1 Be6+ 51. Kf3 Bf4 52. h6 Bxh6 53. g8Q Bxg8 54. Rxe5+ Kd6 55. Rxb5 Bd5+ 56. Kf2 Bd2 57. Ra5 a2 58. Ra3 Bxc3 59. Rxa2 Bxa2 60. Ke3 Kd5 61. Kd3 Bd4 62. Ke2 Ke4 63. Kd2 Bb3 64. Kc1 Kd3 65. Kb1 Kc3 66. Kc1 Be3+ 67. Kb1 Bh6 68. Ka1 Bg7 69. Kb1 Bf6 70. Kc1 Bg5+ 71. Kb1 Kb4 72. Kb2 Bh6 73. Kb1 Ka3 74. Ka1 Bg8 75. Kb1 Bh7+ 76. Ka1 Bg7# 0-1

[Event "SLO-chT Central 23rd"]
[Site "Slovenia"]
[Date "2022.11.17"]
[Round "9.4"]
[White "Babic, Miroslav"]
[Black "Zmaucar, Miha"]
[Result "1/2-1/2"]
[WhiteElo "1662"]
[BlackElo "1465"]
[PlyCount "114"]
[EventDate "2022.09.15"]
[EventType "team-swiss"]
[EventRounds "9"]
[EventCountry "SLO"]
[SourceTitle "EXT 2024"]
[Source "ChessBase"]
[SourceDate "2023.10.10"]
[SourceVersion "1"]
[SourceVersionDate "2023.10.10"]
[SourceQuality "1"]
[WhiteTeam "Ljubljana SK"]
[BlackTeam "Domzale SD"]
[WhiteTeamCountry "SLO"]
[BlackTeamCountry "SLO"]

1. e4 c5 2. f4 d5 3. exd5 Qxd5 4. Qf3 Nf6 5. Nc3 Qxf3 6. Nxf3 Bf5 7. Bb5+ Nbd7 8. d3 a6 9. Bxd7+ Bxd7 10. 0-0 e6 11. Ne5 Bd6 12. Nxd7 Kxd7 13. Ne4 Nd5 14. a3 b5 15. Nxd6 Kxd6 16. c4 Nb6 17. b3 Rad8 18. Be3 Kc6 19. Rfd1 Rd7 20. Rd2 Rhd8 21. Rad1 a5 22. Kf2 a4 23. cxb5+ Kxb5 24. bxa4+ Nxa4 25. Rb1+ Ka5 26. Rb3 c4 27. Rb4 c3 28. Rc2 Rxd3 29. Ke2 R3d5 30. Rc4 Rb8 31. Bd4 Rb2 32. Bxc3+ Nxc3+ 33. R4xc3 Rxc2+ 34. Rxc2 Ka4 35. Rc3 g5 36. Ke3 gxf4+ 37. Kxf4 Rf5+ 38. Ke4 Rf2 39. Rg3 h5 40. h4 f6 41. Rf3 Re2+ 42. Kd3 Rxg2 43. Rxf6 Rg4 44. Rxe6 Rxh4 45. Ra6+ Kb5 46. Ra8 Kb6 47. Ke3 Kb7 48. Ra5 Kb6 49. Rg5 Rh3+ 50. Kf2 Kc6 51. a4 Ra3 52. a5 h4 53. a6 h3 54. Rh5 Kb6 55. Rh6+ Ka7 56. Kg1 Ra1+ 57. Kh2 Ka8 1/2-1/2

[Event "SLO-chT Central 23rd"]
[Site "Slovenia"]
[Date "2022.09.15"]
[Round "1.3"]
[White "Zmaucar, Miha"]
[Black "Miceli, Dario Edgardo"]
[Result "1-0"]
[WhiteElo "1465"]
[BlackElo "1654"]
[PlyCount "57"]
[EventDate "2022.09.15"]
[EventType "team-swiss"]
[EventRounds "9"]
[EventCountry "SLO"]
[SourceTitle "EXT 2024"]
[Source "ChessBase"]
[SourceDate "2023.10.10"]
[SourceVersion "1"]
[SourceVersionDate "2023.10.10"]
[SourceQuality "1"]
[WhiteTeam "Domzale SD"]
[BlackTeam "Visnja Gora Sticna"]
[WhiteTeamCountry "SLO"]
[BlackTeamCountry "SLO"]

1. d4 d5 2. Nf3 e6 3. g3 Nf6 4. Bg2 Ne4 5. 0-0 Bd6 6. c4 c6 7. Nfd2 f5 8. Nxe4 fxe4 9. f3 0-0 10. fxe4 Rxf1+ 11. Kxf1 dxc4 12. Nd2 Qf6+ 13. Nf3 e5 14. dxe5 Bxe5 15. Bg5 Qf8 16. Qc2 Be6 17. Rd1 Nd7 18. Kg1 Qc5+ 19. Kh1 Bf6 20. Bf4 h6 21. e5 Be7 22. Bxh6 Nxe5 23. Qe4 Bd5 24. Qxe5 gxh6 25. Rxd5 cxd5 26. Qe6+ Kf8 27. Ne5 Ke8 28. Qg8+ Bf8 29. Qf7+ 1-0

[Event "Ljubljana-chT 74th"]
[Site "Ljubljana"]
[Date "2022.01.13"]
[Round "1.3"]
[White "Zmaucar, Miha"]
[Black "Jemec, Viktor"]
[Result "1-0"]
[WhiteElo "1406"]
[BlackElo "1606"]
[PlyCount "71"]
[EventDate "2022.01.13"]
[EventType "team-swiss"]
[EventRounds "9"]
[EventCountry "SLO"]
[SourceTitle "EXT 2024"]
[Source "ChessBase"]
[SourceDate "2023.10.10"]
[SourceVersion "1"]
[SourceVersionDate "2023.10.10"]
[SourceQuality "1"]
[WhiteTeam "Domzale SD"]
[BlackTeam "Crni Graben"]
[WhiteTeamCountry "SLO"]
[BlackTeamCountry "SLO"]

1. d4 f5 2. Nf3 Nf6 3. g3 d5 4. Bg2 g6 5. 0-0 Bg7 6. Bf4 0-0 7. Na3 a6 8. c4 c6 9. Rc1 e6 10. Qb3 Ne4 11. Rfd1 Nd7 12. Ne5 Nxe5 13. Bxe5 Nf6 14. Nc2 Nd7 15. Bxg7 Kxg7 16. Ne1 Qb6 17. Qa3 Rf7 18. Bf3 Nf6 19. Nd3 Qxd4 20. e3 Qb6 21. Ne5 Rf8 22. Qe7+ Kg8 23. cxd5 Qxb2 24. dxc6 Ne4 25. Nd3 Qg7 26. Qxg7+ Kxg7 27. Nf4 bxc6 28. Rxc6 Kf6 29. Bxe4 fxe4 30. Rdd6 g5 31. Nxe6 Bxe6 32. Rxe6+ Kf5 33. Rh6 Kg4 34. Kg2 Rad8 35. h3+ Kf5 36. Rc5+ 1-0

[Event "SLO-chT Central 22nd"]
[Site "Slovenia"]
[Date "2021.10.07"]
[Round "4.4"]
[White "Zmaucar, Miha"]
[Black "Kern, Anze"]
[Result "1-0"]
[WhiteElo "1372"]
[BlackElo "1500"]
[PlyCount "57"]
[EventDate "2021.09.16"]
[EventType "team-tourn"]
[EventRounds "7"]
[EventCountry "SLO"]
[SourceTitle "EXT 2024"]
[Source "ChessBase"]
[SourceDate "2023.10.10"]
[SourceVersion "1"]
[SourceVersionDate "2023.10.10"]
[SourceQuality "1"]
[WhiteTeam "Domzale SD"]
[BlackTeam "Komenda Pogi"]
[WhiteTeamCountry "SLO"]
[BlackTeamCountry "SLO"]

1. d4 d5 2. c4 Nf6 3. Nf3 Bf5 4. g3 e6 5. Bg2 Bb4+ 6. Bd2 Nc6 7. Bxb4 Nxb4 8. Qa4+ Nc6 9. Ne5 Qd6 10. c5 Qd8 11. Nc3 0-0 12. Nxc6 bxc6 13. Qxc6 Rb8 14. b3 Rb4 15. Rd1 Qb8 16. 0-0 Bg4 17. f3 Bf5 18. e4 dxe4 19. fxe4 Bg4 20. Rd2 Rd8 21. d5 e5 22. Rff2 Re8 23. h3 Bh5 24. Rxf6 gxf6 25. Qxf6 Bg6 26. Qg5 Qd8 27. Qh6 Qe7 28. d6 cxd6 29. Nd5 1-0